<?xml version="1.0" encoding="UTF-8"?>
<record
    xmlns:xsi="http://www.w3.org/2001/XMLSchema-instance"
    xsi:schemaLocation="http://www.loc.gov/MARC21/slim http://www.loc.gov/standards/marcxml/schema/MARC21slim.xsd"
    xmlns="http://www.loc.gov/MARC21/slim">

  <leader>02251nam a2200301 a 4500</leader>
  <controlfield tag="001">000015198</controlfield>
  <controlfield tag="003">DO-SdBNP</controlfield>
  <controlfield tag="005">20250414082417.0</controlfield>
  <controlfield tag="008">100203s2002    dr      r     000 f spa d</controlfield>
  <datafield tag="020" ind1=" " ind2=" ">
    <subfield code="a">9993442119</subfield>
  </datafield>
  <datafield tag="040" ind1=" " ind2=" ">
    <subfield code="a">DO-SdBNP</subfield>
    <subfield code="b">spa</subfield>
    <subfield code="c">BNPHU</subfield>
  </datafield>
  <datafield tag="082" ind1=" " ind2="4">
    <subfield code="a">RD863.4408</subfield>
    <subfield code="b">V443sa</subfield>
    <subfield code="2">22</subfield>
  </datafield>
  <datafield tag="100" ind1="1" ind2=" ">
    <subfield code="a">Veloz Maggiolo, Marcio,</subfield>
    <subfield code="d">1936-2021</subfield>
    <subfield code="9">1104</subfield>
  </datafield>
  <datafield tag="245" ind1="1" ind2="0">
    <subfield code="a">Santo Domingo en la novela dominicana /</subfield>
    <subfield code="c">estudio y selecci&#xF3;n de Marcio Veloz Maggiolo ; edici&#xF3;n Andr&#xE9;s Blanco D&#xED;az.</subfield>
  </datafield>
  <datafield tag="260" ind1=" " ind2=" ">
    <subfield code="a">Santo Domingo :</subfield>
    <subfield code="b">Ediciones ferilibro,</subfield>
    <subfield code="c">2002.</subfield>
  </datafield>
  <datafield tag="300" ind1=" " ind2=" ">
    <subfield code="a">233 p. ;</subfield>
    <subfield code="c">23 cm.</subfield>
  </datafield>
  <datafield tag="500" ind1=" " ind2=" ">
    <subfield code="a">Incluye datos biogr&#xE1;ficos del autor en las solapas</subfield>
  </datafield>
  <datafield tag="504" ind1=" " ind2=" ">
    <subfield code="a">Bibliograf&#xED;a : p. 213-227</subfield>
  </datafield>
  <datafield tag="505" ind1="0" ind2=" ">
    <subfield code="a">Presentaci&#xF3;n/</subfield>
    <subfield code="r">Carlos esteban Deive --</subfield>
    <subfield code="t">Santo Domingo en la novela dominicana /</subfield>
    <subfield code="r">Marcio Veloz Maggiolo --</subfield>
    <subfield code="t">La sangre (una vida bajo la tiran&#xED;a) /</subfield>
    <subfield code="r">Tulio M. Cestero</subfield>
    <subfield code="t">Navarijo/</subfield>
    <subfield code="r">F. E. Moscoso Puello --</subfield>
    <subfield code="t">Eusebio Sapote (La historia y la novela de un retrato)/</subfield>
    <subfield code="r">Enrique Aguiar--</subfield>
    <subfield code="t">La pandilla /</subfield>
    <subfield code="r">Haim L&#xF3;pez Penha--</subfield>
    <subfield code="t">El viaje /</subfield>
    <subfield code="r">Manuel A. Amiama--</subfield>
    <subfield code="t">En su niebla/</subfield>
    <subfield code="r">Ram&#xF3;n Lacay Polanco --</subfield>
    <subfield code="t">Caonex/</subfield>
    <subfield code="r">J.M. Sanz Lajara --</subfield>
    <subfield code="t">Guanuma/</subfield>
    <subfield code="r">Federico Garc&#xED;a Godoy --</subfield>
    <subfield code="t">Los carpinteros/</subfield>
    <subfield code="r">Joaqu&#xED;n Balaguer --</subfield>
    <subfield code="t">La ciudad Herida /</subfield>
    <subfield code="r">Carlos Federico P&#xE9;rez --</subfield>
    <subfield code="t">Laura en s&#xE1;bado /</subfield>
    <subfield code="r">Manuel Rueda --</subfield>
    <subfield code="t">S&#xF3;lo cenizas hallar&#xE1;s (bolero) /</subfield>
    <subfield code="r">Pedro Verg&#xE9;s --</subfield>
    <subfield code="t">Fantasma de una lejana fantas&#xED;a /</subfield>
    <subfield code="r">Guillermo Pi&#xF1;a Contreras -</subfield>
    <subfield code="t">Materia prima (protonovela)/</subfield>
    <subfield code="r">Marcio Veloz Maggiolo --</subfield>
    <subfield code="t">La balada de Alfonsina Bair&#xE1;n /</subfield>
    <subfield code="r">Andr&#xE9;s L. Mateo --</subfield>
    <subfield code="t">El Personero /</subfield>
    <subfield code="r">Efraim Castillo --</subfield>
    <subfield code="t">Los que falsificaron la firma de Dios /</subfield>
    <subfield code="r">Viriato Senci&#xF3;n /</subfield>
    <subfield code="t">Las siempre ins&#xF3;lita cartas del destino /</subfield>
    <subfield code="r">Roberto Marcall&#xE9; Abreu --</subfield>
    <subfield code="t">Toda la vida /</subfield>
    <subfield code="r">Manuel Salvador Gautier --</subfield>
    <subfield code="t">Aquiles Vargas, Fantasma /</subfield>
    <subfield code="r">Manuel Garc&#xED;a cartagena --</subfield>
    <subfield code="t">Ya los Oligarcas no bajan a la calle El Conde /</subfield>
    <subfield code="r">Pedro Peix</subfield>
  </datafield>
  <datafield tag="590" ind1=" " ind2=" ">
    <subfield code="a">Inventariado, 2020/VM</subfield>
  </datafield>
  <datafield tag="650" ind1="1" ind2="4">
    <subfield code="a">Novela dominicana</subfield>
    <subfield code="x">Historia ycr&#xED;tica</subfield>
    <subfield code="9">34429</subfield>
  </datafield>
  <datafield tag="650" ind1="1" ind2="4">
    <subfield code="a">Literatura dominicana</subfield>
    <subfield code="x">Cr&#xED;tica e interpretaci&#xF3;n</subfield>
    <subfield code="9">216</subfield>
  </datafield>
  <datafield tag="650" ind1="1" ind2="4">
    <subfield code="a">Novela dominicana</subfield>
    <subfield code="v">Colecciones</subfield>
    <subfield code="9">34430</subfield>
  </datafield>
  <datafield tag="650" ind1="1" ind2="4">
    <subfield code="a">Autores dominicanos</subfield>
    <subfield code="x">Cr&#xED;tica e interpretaci&#xF3;n</subfield>
    <subfield code="9">158</subfield>
  </datafield>
  <datafield tag="700" ind1="1" ind2=" ">
    <subfield code="a">Blanco D&#xED;az, Andr&#xE9;s</subfield>
    <subfield code="e">ed.</subfield>
    <subfield code="9">172</subfield>
  </datafield>
  <datafield tag="910" ind1=" " ind2=" ">
    <subfield code="a">Validado. Control de calidad. MFF</subfield>
  </datafield>
  <datafield tag="942" ind1=" " ind2=" ">
    <subfield code="2">ddc</subfield>
    <subfield code="c">LBS1</subfield>
  </datafield>
  <datafield tag="952" ind1=" " ind2=" ">
    <subfield code="0">0</subfield>
    <subfield code="1">0</subfield>
    <subfield code="2">ddc</subfield>
    <subfield code="5">6</subfield>
    <subfield code="7">0</subfield>
    <subfield code="8">DS</subfield>
    <subfield code="a">BNPHU</subfield>
    <subfield code="b">GR</subfield>
    <subfield code="c">HD</subfield>
    <subfield code="d">2010-02-03</subfield>
    <subfield code="l">0</subfield>
    <subfield code="o">BNPHU DS RD863.4408 V443sa</subfield>
    <subfield code="p">15198-30</subfield>
    <subfield code="r">2020-06-25</subfield>
    <subfield code="t">e. 3</subfield>
    <subfield code="w">2020-06-25</subfield>
    <subfield code="y">LFDS</subfield>
  </datafield>
  <datafield tag="952" ind1=" " ind2=" ">
    <subfield code="0">0</subfield>
    <subfield code="1">0</subfield>
    <subfield code="2">ddc</subfield>
    <subfield code="5">6</subfield>
    <subfield code="7">0</subfield>
    <subfield code="8">DS</subfield>
    <subfield code="a">BNPHU</subfield>
    <subfield code="b">GR</subfield>
    <subfield code="c">HD</subfield>
    <subfield code="d">2010-09-20</subfield>
    <subfield code="l">0</subfield>
    <subfield code="o">BNPHU DS RD863.4408 V443sa</subfield>
    <subfield code="p">15198-40</subfield>
    <subfield code="r">2020-06-25</subfield>
    <subfield code="t">e. 4</subfield>
    <subfield code="w">2020-06-25</subfield>
    <subfield code="y">LFDS</subfield>
  </datafield>
  <datafield tag="952" ind1=" " ind2=" ">
    <subfield code="0">0</subfield>
    <subfield code="1">0</subfield>
    <subfield code="2">ddc</subfield>
    <subfield code="5">6</subfield>
    <subfield code="7">0</subfield>
    <subfield code="8">DS</subfield>
    <subfield code="a">BNPHU</subfield>
    <subfield code="b">GR</subfield>
    <subfield code="c">HD</subfield>
    <subfield code="d">2014-02-03</subfield>
    <subfield code="l">0</subfield>
    <subfield code="o">BNPHU DS RD863.4408 V443sa</subfield>
    <subfield code="p">15198-60</subfield>
    <subfield code="r">2020-06-25</subfield>
    <subfield code="t">e. 5</subfield>
    <subfield code="w">2020-06-25</subfield>
    <subfield code="y">LFDS</subfield>
  </datafield>
  <datafield tag="952" ind1=" " ind2=" ">
    <subfield code="0">0</subfield>
    <subfield code="1">0</subfield>
    <subfield code="2">ddc</subfield>
    <subfield code="5">1</subfield>
    <subfield code="7">1</subfield>
    <subfield code="8">PD</subfield>
    <subfield code="a">BNPHU</subfield>
    <subfield code="b">PD</subfield>
    <subfield code="c">HD</subfield>
    <subfield code="d">2010-02-03</subfield>
    <subfield code="l">0</subfield>
    <subfield code="o">BNPHU PD RD863.4408 V443sa</subfield>
    <subfield code="p">15198-10</subfield>
    <subfield code="r">2020-06-25</subfield>
    <subfield code="w">2020-06-25</subfield>
    <subfield code="y">LFPD</subfield>
  </datafield>
  <datafield tag="952" ind1=" " ind2=" ">
    <subfield code="0">0</subfield>
    <subfield code="1">0</subfield>
    <subfield code="2">ddc</subfield>
    <subfield code="5">1</subfield>
    <subfield code="7">2</subfield>
    <subfield code="8">PD</subfield>
    <subfield code="a">BNPHU</subfield>
    <subfield code="b">PD</subfield>
    <subfield code="c">HD</subfield>
    <subfield code="d">2010-02-03</subfield>
    <subfield code="l">0</subfield>
    <subfield code="o">BNPHU PD RD863.4408 V443sa</subfield>
    <subfield code="p">15198-20</subfield>
    <subfield code="r">2020-06-25</subfield>
    <subfield code="t">e. 2</subfield>
    <subfield code="w">2020-06-25</subfield>
    <subfield code="y">LFPD</subfield>
  </datafield>
  <datafield tag="999" ind1=" " ind2=" ">
    <subfield code="c">14769</subfield>
    <subfield code="d">14769</subfield>
  </datafield>
</record>
